000 00420nam a2200145 i 4500
001 95167
003 ES-MaACL
007 t|
008 050524s1908 sp ||||1| spa d
100 1 _aLuna y Gómez, Sergio.
_974778
245 1 0 _aElementos de trigonometría rectilínea /
_cpor Sergio Luna y Gómez.
260 _aSevilla :
_bAngel Saavedra,
_c1908.
300 _a100 p. :
_bil. ;
_c22 cm.
852 _aES-MaACL
_jB-367
999 _c95167
_d95167